Medaliści IMŚ na żużlu w latach 1991-2020 - Statystyki

Ogólne statystyki
  • Ten quiz został rozwiązany 101 razy
  • Średni wynik to 68 z 90
Statystyki odpowiedzi
Rok Miasto Złoto % Poprawnych
2020 Bartosz Zmarzlik
94%
Tai Woffinden
92%
2019 Bartosz Zmarzlik
91%
2014 Greg Hancock
89%
Greg Hancock
89%
2015 Tai Woffinden
89%
2010 Tomasz Gollob
89%
Bartosz Zmarzlik
88%
Fredrik Lindgren
88%
2011 Greg Hancock
88%
Greg Hancock
88%
2016 Greg Hancock
88%
Jarosław Hampel
88%
2017 Jason Doyle
88%
Tai Woffinden
88%
Tai Woffinden
88%
2018 Tai Woffinden
88%
Bartosz Zmarzlik
86%
Leon Madsen
86%
Nicki Pedersen
86%
Patryk Dudek
86%
2013 Tai Woffinden
86%
Tomasz Gollob
86%
Tomasz Gollob
86%
2012 Chris Holder
85%
Fredrik Lindgren
85%
Jarosław Hampel
85%
Jason Crump
85%
Krzysztof Kasprzak
85%
2007 Nicki Pedersen
85%
2008 Nicki Pedersen
85%
Nicki Pedersen
85%
Nicki Pedersen
85%
2003 Nicki Pedersen
83%
Jarosław Hampel
82%
2006 Jason Crump
82%
Jason Crump
82%
2009 Jason Crump
82%
Nicki Pedersen
82%
2002 Tony Rickardsson
82%
Tony Rickardsson
82%
Tony Rickardsson
82%
2005 Tony Rickardsson
82%
Greg Hancock
80%
Greg Hancock
80%
Jason Crump
80%
Jason Crump
80%
Jason Crump
80%
Tomasz Gollob
80%
Jason Crump
79%
2004 Jason Crump
79%
Tomasz Gollob
79%
2001 Tony Rickardsson
79%
Tomasz Gollob
77%
1997 Greg Hancock
76%
Jason Crump
76%
Leigh Adams
76%
Leigh Adams
76%
Tomasz Gollob
76%
1999 Tony Rickardsson
76%
Tony Rickardsson
76%
Andreas Jonsson
74%
1998 Tony Rickardsson
73%
Emil Sayfutdinow
71%
Greg Hancock
71%
1996 Billy Hamill
67%
Emil Sayfutdinow
67%
Hans Nielsen
67%
2000 Mark Loram
67%
Niels K. Iversen
67%
1994 Vojens Tony Rickardsson
67%
Billy Hamill
65%
Billy Hamill
65%
Hans Nielsen
65%
1995 Hans Nielsen
65%
Ryan Sullivan
65%
Tony Rickardsson
65%
Hans Nielsen
64%
Hans Nielsen
64%
Hans Nielsen
58%
1993 Pocking Sam Ermolenko
56%
Tony Rickardsson
53%
Sam Ermolenko
52%
Jimmy Nilsen
50%
1992 Wrocław Gary Havelock
45%
1991 Goteborg Jan O. Pedersen
45%
Craig Boyce
39%
Per Jonsson
35%
Chris Louis
33%
Gert Handberg
27%
Nie znaleziono quizów pasujących do podanych kryteriów
Rozkład punktacji
Procent ludzi z każdym wynikiem
Percentyl według liczby udzielonych odpowiedzi
Twoja historia wyników
Nie rozwiązałeś tego quizu